Código de justicia militar: edición oficial, aprobada por decreto Nº1055, de 14 de noviembre de 2000, del Ministerio de Justicia

Gardado en:
Detalles Bibliográficos
Formato: Libro
Idioma:Lingua castelá
Publicado: Santiago Jurídica de Chile 2002
Edición:16a. ed
Subjects:
Tags: Engadir etiqueta
Sen Etiquetas, Sexa o primeiro en etiquetar este rexistro!

MARC

LEADER 00000nam a2200000 a 4500
001 UCM6361
003 CL-VaPUC
008 021108e20020900CL |||||||||||||||||spa|d
082 0 4 |a 343.8301026  |b COD  |2 21 
245 1 0 |a Código de justicia militar: edición oficial, aprobada por decreto Nº1055, de 14 de noviembre de 2000, del Ministerio de Justicia 
250 |a 16a. ed 
300 |a 319 p 
942 |c BK 
945 |d 20021108 00:00:00  |a vberengu 
260 |a Santiago  |b Jurídica de Chile  |c 2002 
500 |a Apéndice actualizado a septiembre de 2002 
650 7 |a DERECHO MILITAR CHILENO  |2 CL-VaPUC  |9 332484 
650 7 |a TRIBUNALES MILITARES  |2 CL-VaPUC  |9 328495 
650 0 |a Procedimiento penal  |9 254974 
650 0 |a Procedimiento civil  |9 254870 
650 0 |a Delitos  |9 224143 
651 7 |a CHILE  |2 CL-VaPUC  |9 472160 
583 |a last modification  |c 20170612 01:04:49  |k Rodrigo Vera 
999 |c 301772  |d 301770 
952 |0 0  |1 0  |4 0  |6 343_830102600000000_COD_2002  |7 0  |8 A  |9 361392  |a BIBDER  |b BIBDER  |d 2019-11-21  |i 3858375  |o 343.8301026 COD 2002  |p 3858375  |r 2023-01-25  |w 2019-11-21  |y BK  |k DER